土裡的私釀
| 資料類型: | 圖書 | 書目號: | 56482 |
Leader xxxxxxxxxx 001 __ PCLIS00056482 005 __ 20230430200643.0 010 0_ |a978-986-450-228-8|b平裝|dNT$300 100 __ |a20230426d2019 m y0chiy09 e 101 0_ |achi 102 __ |atw 105 __ |aa z 000cy 200 1_ |a土裡的私釀|e|f侯力元著 205 __ |a初版 210 __ |a臺北市|c九歌|d2019[民108] 215 0_ |a223面|c彩圖|d21公分 225 2_ |a九歌文庫|v1304 300 __ |a 410 _0 |12001 |a九歌文庫|v1304 681 __ |a855|b8965 700 _1 |a侯|b力元|4著 702 __ |a|b|4 801 _0 |atw|b內湖高中|c20230426|gCCR |